Closest Countries to the Equator A-Z Quiz Stats

 Plays Quiz Updated May 11, 2016

Challenge
Share
Tweet
Embed
Score 0/24 Timer 03:00
3 Plays Today
Letter Country % Correct
BBrazil
84.6%
EEcuador
80.7%
YYemen
73.4%
QQatar
71.8%
KKenya
71.5%
ZZambia
69.8%
IIndonesia
68.9%
OOman
68%
CColombia
66.1%
UUganda
64.5%
DDemocratic Republic of the Congo
63.6%
VVenezuela
62.7%
Letter Country % Correct
PPeru
57%
AAngola
53.5%
HHonduras
51.8%
GGabon
51.8%
JJamaica
50.3%
FFrance
48.4%
TTanzania
46%
SSão Tomé and Príncipe
41.7%
RRepublic of the Congo
38.1%
LLiberia
33.5%
NNauru
29%
MMaldives
25.9%

You're not logged in!

Compare scores with friends on all Sporcle quizzes.
OR
Log In

You Might Also Like...

Show Comments

Extras

Top Quizzes Today


Score Distribution

Your Account Isn't Verified!

In order to create a playlist on Sporcle, you need to verify the email address you used during registration. Go to your Sporcle Settings to finish the process.

Report this User

Report this user for behavior that violates our Community Guidelines.

Details: